|
|
|
|
| LEADER |
02156nam a2200421 i 4500 |
| 001 |
39198 |
| 003 |
BD-DhAAL |
| 008 |
220721t2013 enka b 001 0 eng d |
| 999 |
|
|
|c 44071
|d 44071
|
| 010 |
|
|
|a 2013409235
|
| 020 |
|
|
|a 9780194541268 (pbk.)
|
| 020 |
|
|
|a 0194541266 (pbk.)
|
| 035 |
|
|
|a (OCoLC)ocn828884141
|
| 040 |
|
|
|a MEAUC
|b eng
|c MEAUC
|e rda
|d OCLCO
|d YDXCP
|d YNK
|d BWX
|d SINIE
|d OCLCQ
|d DLC
|d BD-DhAAL
|
| 042 |
|
|
|a lccopycat
|
| 050 |
0 |
0 |
|a P118.2
|b .L54 2013
|
| 082 |
0 |
0 |
|a 418.0071
|2 23
|
| 100 |
1 |
|
|a Lightbown, Patsy M.
|9 50114
|
| 245 |
1 |
0 |
|a How languages are learned /
|c Patsy M. Lightbown and Nina Spada.
|
| 250 |
|
|
|a Fourth edition.
|
| 260 |
|
|
|a Oxford :
|b Oxford University Press,
|c c2013.
|
| 300 |
|
|
|a ix, 256 pages :
|b illustrations ;
|c 25 cm.
|
| 490 |
1 |
|
|a Oxford handbooks for language teachers
|
| 504 |
|
|
|a Includes bibliographical references (pages 227-247) and index.
|
| 505 |
0 |
|
|a Language learning in early childhood -- Second language learning -- Individual differences in second language learning -- Explaining second language learning -- Observing learning and teaching in the second language classroom -- Second language learning in the classroom -- Popular ideas about language learning revisited.
|
| 526 |
|
|
|a ENH
|
| 541 |
|
|
|a Book Finder International
|e 39198, 39199
|
| 650 |
|
0 |
|a Second language acquisition.
|9 50115
|
| 650 |
|
0 |
|a Language acquisition.
|9 50116
|
| 650 |
|
0 |
|a Language transfer (Language learning)
|9 50117
|
| 650 |
|
0 |
|a Interlanguage (Language learning)
|9 50118
|
| 650 |
|
0 |
|a English language.
|9 50119
|
| 700 |
1 |
|
|a Spada, Nina Margaret.
|9 50120
|
| 830 |
|
0 |
|a Oxford handbooks for language teachers.
|9 50121
|
| 852 |
|
|
|a Ayesha Abed Library
|c General Stacks
|
| 942 |
|
|
|2 ddc
|c BK
|
| 952 |
|
|
|0 0
|1 0
|2 ddc
|4 0
|6 418_007100000000000_LIG
|7 0
|9 71214
|a BRACUL
|b BRACUL
|c GEN
|d 2022-07-07
|e Book Finder International
|g 744.54
|l 4
|m 33
|o 418.0071 LIG
|p 3010039199
|r 2026-04-29
|s 2026-03-08
|t 2
|v 744.54
|w 2022-07-07
|y BK
|
| 952 |
|
|
|0 0
|1 0
|2 ddc
|4 0
|6 418_007100000000000_LIG
|7 0
|9 71215
|a BRACUL
|b BRACUL
|c GEN
|d 2022-07-07
|e Book Finder International
|g 744.54
|l 4
|m 36
|o 418.0071 LIG
|p 3010039198
|r 2026-05-18
|s 2026-02-05
|t 1
|v 744.54
|w 2022-07-07
|y BK
|